[Event "Master Open"]
[Site "Voronezh"]
[Date "2017.06.13"]
[Round "2.37"]
[White "Tunik, Gennady"]
[Black "Martynyuk, Elizaveta"]
[Result "1-0"]
[WhiteElo "2384"]
[BlackElo "2112"]
[Annotator ""]
[Source ""]
[Remark ""]

1.d4 d5 2.c4 c6 3.Nf3 Nf6 4.Nc3 dxc4 5.a4 Bf5 6.Ne5 Nbd7 7.Nxc4
Nb6 8.Ne5 a5 9.g3 e6 10.Bg2 Nfd7 11.e4 Bg6 12.Nxg6 hxg6 13.O-O
Bb4 14.h4 O-O 15.Bg5 Qc7 16.h5 gxh5 17.Qxh5 e5 18.d5 Qd6 19.dxc6
Qxc6 20.Rac1 Nc5 21.Nd5 Nxd5 22.exd5 Qd6 23.Rc4 e4 24.Bf4 Qa6
25.Rfc1 g6 26.Qh6 Nd3 27.Bxe4 Nxf4 28.Qxf4 Qd6 29.Qh4 f5 30.Rc7
Rf7 31.Rxf7 Kxf7 32.Rc7+ Qxc7 33.Qh7+ Kf6 34.Qxc7 fxe4 35.d6 1-0

[Event "Master Open"]
[Site "Voronezh"]
[Date "2017.06.13"]
[Round "2.38"]
[White "Pshmahov, Osman"]
[Black "Nesterov, Arseniy"]
[Result "0-1"]
[WhiteElo "2012"]
[BlackElo "2382"]
[Annotator ""]
[Source ""]
[Remark ""]

1.e4 e5 2.Nc3 Nf6 3.g3 d5 4.exd5 Nxd5 5.Bg2 Nxc3 6.bxc3 Bd6 7.d3
O-O 8.Nf3 Nc6 9.O-O Bg4 10.h3 Bh5 11.g4 Bg6 12.Kh1 e4 13.dxe4
Bxe4 14.Nd4 Bxg2+ 15.Kxg2 Ne5 16.Nf5 Qd7 17.Qd5 h5 18.f4 Ng6
19.Nxd6 hxg4 20.Ba3 gxh3+ 21.Kh2 cxd6 22.f5 Ne5 23.Rae1 Rfe8
24.Re4 Qc6 25.Qxc6 Nxc6 26.Rfe1 Rxe4 27.Rxe4 d5 28.Re1 d4 29.Bb2
dxc3 30.Bxc3 f6 31.Rd1 Re8 32.Rd3 Re2+ 33.Kxh3 Rxc2 34.a3 Ra2
35.Bb4 Nxb4 36.axb4 Ra4 37.Rd4 Kf8 38.Rc4 b5 39.Rc8+ Kf7 40.Rc7+
Kg8 41.Kg4 Rxb4+ 42.Kh5 Rb1 43.Rxa7 Rg1 0-1

[Event "Master Open"]
[Site "Voronezh"]
[Date "2017.06.13"]
[Round "2.39"]
[White "Popov, Mikhail"]
[Black "Siddharth, Sabharishankar"]
[Result "1/2-1/2"]
[WhiteElo "2378"]
[BlackElo "2087"]
[Annotator ""]
[Source ""]
[Remark ""]

1.Nf3 d5 2.d4 Nf6 3.c4 e6 4.Nc3 Be7 5.Bf4 O-O 6.e3 Nbd7 7.a3
dxc4 8.Bxc4 a6 9.b4 b5 10.Bd3 Bb7 11.e4 Nb6 12.Qe2 Ne8 13.O-O
Nd6 14.Nd2 Bg5 15.Bxg5 Qxg5 16.Nb3 e5 17.d5 c6 18.Na5 cxd5 19.Nxb7
Nxb7 20.Nxd5 Nxd5 21.exd5 Nd6 22.Rac1 e4 23.Bb1 Qxd5 24.Rfd1
Qe5 25.Rc6 Rfd8 26.Qd2 Nb7 27.Rxa6 Rac8 28.Rc6 Ra8 29.Ra6 Rac8
30.Rc6 Ra8 1/2-1/2

[Event "Master Open"]
[Site "Voronezh"]
[Date "2017.06.13"]
[Round "2.40"]
[White "Tsvetkov, Andrey"]
[Black "Ovod, Evgenija"]
[Result "0-1"]
[WhiteElo "2072"]
[BlackElo "2365"]
[Annotator ""]
[Source ""]
[Remark ""]

1.d4 Nf6 2.c4 e6 3.Nc3 c5 4.d5 exd5 5.cxd5 d6 6.e4 g6 7.f4 Bg7
8.Bb5+ Nfd7 9.a4 Qh4+ 10.g3 Qe7 11.Nf3 O-O 12.O-O Na6 13.Re1
Nb4 14.a5 a6 15.Bf1 b5 16.axb6 Nxb6 17.Be3 Bg4 18.Rc1 Qd7 19.Bf2
Rac8 20.Bg2 Rfe8 21.b3 f5 22.h3 Bxc3 23.Rxc3 fxe4 24.hxg4 N6xd5
25.Ne5 dxe5 26.Rxe4 Qf7 27.Rxc5 Rxc5 28.Bxc5 Nc3 29.Qe1 Nxe4
30.Qxe4 a5 31.f5 Qxb3 32.fxg6 Qc2 33.gxh7+ Kh8 34.Qxc2 Nxc2 35.Be4
Nd4 36.Kf2 Ne6 37.Ba3 Ng5 38.Bg6 Re6 39.Bf5 Rb6 40.Ke2 Nxh7 41.Kd2
Kg7 42.Kc3 Rc6+ 43.Kd3 Ng5 44.Be7 a4 45.Ba3 Kf6 46.Bb2 Rb6 47.Kc2
Rb3 48.Bd3 Nf3 49.Bc3 Nd4+ 50.Bxd4 exd4 0-1

[Event "Master Open"]
[Site "Voronezh"]
[Date "2017.06.13"]
[Round "2.41"]
[White "Rozum, Ivan"]
[Black "Varshini, V"]
[Result "1-0"]
[WhiteElo "2599"]
[BlackElo "2050"]
[Annotator ""]
[Source ""]
[Remark ""]

1.d4 d5 2.c4 e6 3.Nf3 Nf6 4.g3 Be7 5.Bg2 O-O 6.O-O dxc4 7.Qc2
a6 8.a4 Bd7 9.Rd1 Bc6 10.Nc3 a5 11.e4 Na6 12.Ne5 Nb4 13.Qe2 Nd3
14.Nxd3 cxd3 15.Qxd3 Bb4 16.Bf4 Nh5 17.Be3 f5 18.d5 exd5 19.Nxd5
Bxd5 20.Qxd5+ Qxd5 21.Rxd5 f4 22.Bc5 Nf6 23.Bxb4 axb4 24.Rb5
fxg3 25.hxg3 Ng4 26.f3 Ne3 27.Rxb7 Rad8 28.a5 Rd2 29.Bh1 Rxb2
30.a6 b3 31.a7 Ra2 32.Rb1 Nc2 33.R1xb3 Nd4 34.Rb2 Ra1+ 35.Kh2
c5 36.Rc7 Ne6 37.Re7 Nd4 38.Rb8 Ra2+ 39.Kh3 Nc6 40.Ree8 1-0

[Event "Master Open"]
[Site "Voronezh"]
[Date "2017.06.13"]
[Round "2.42"]
[White "Zherebtsova, Alexandra"]
[Black "Volkov, Sergey"]
[Result "0-1"]
[WhiteElo "2231"]
[BlackElo "2615"]
[Annotator ""]
[Source ""]
[Remark ""]

1.d4 d5 2.Nf3 c5 3.c4 dxc4 4.e4 cxd4 5.Qxd4 Qxd4 6.Nxd4 a6 7.Bxc4
e6 8.a4 Bd7 9.Nc3 Nc6 10.Nxc6 Bxc6 11.Be3 Rc8 12.Bb3 Nf6 13.f3
Nd7 14.Kf2 Bc5 15.a5 Ke7 16.Rhc1 Bb4 17.Bd4 f6 18.Ne2 Bb5 19.Rxc8
Rxc8 20.Bc3 Bc5+ 21.Ke1 Bd6 22.Nd4 Bc4 23.g3 g6 24.Bc2 h5 25.Rd1
e5 26.Ne2 0-1

[Event "Master Open"]
[Site "Voronezh"]
[Date "2017.06.13"]
[Round "2.43"]
[White "Bocharov, Dmitry"]
[Black "Shkurkin, Andrey"]
[Result "1-0"]
[WhiteElo "2579"]
[BlackElo "2229"]
[Annotator ""]
[Source ""]
[Remark ""]

1.d4 g6 2.e4 Bg7 3.Nc3 c6 4.f4 d5 5.e5 Nh6 6.Nf3 O-O 7.Be3 f6
8.Qd2 Bg4 9.Be2 Nf5 10.O-O-O b5 11.h3 Bxf3 12.Bxf3 e6 13.Bg4
fxe5 14.fxe5 Qa5 15.Kb1 Nd7 16.Ne2 b4 17.Rhf1 Rab8 18.Bxf5 Rxf5
19.Rxf5 exf5 20.Bh6 Nf8 21.Bxg7 Kxg7 22.Nf4 Qc7 23.g4 fxg4 24.hxg4
a5 25.Qe3 Re8 26.e6 Qe7 27.Re1 Kg8 28.b3 a4 29.bxa4 Qf6 30.g5
Qe7 31.Qe5 Ra8 32.Qf6 Qe8 33.e7 Rxa4 34.exf8Q+ Qxf8 35.Qxf8+ 1-0

[Event "Master Open"]
[Site "Voronezh"]
[Date "2017.06.13"]
[Round "2.44"]
[White "Smirnova, Ekaterina"]
[Black "Harutjunyan, Gevorg"]
[Result "0-1"]
[WhiteElo "2216"]
[BlackElo "2472"]
[Annotator ""]
[Source ""]
[Remark ""]

1.d4 d5 2.c4 Nc6 3.Nc3 Nf6 4.e3 Bf5 5.a3 dxc4 6.Bxc4 e5 7.d5
Na5 8.Ba2 b6 9.e4 Bd7 10.Nf3 Bd6 11.O-O O-O 12.Bg5 h6 13.Bh4
Nb7 14.Nd2 g5 15.Bg3 Nc5 16.Qe2 a5 17.Nc4 Qe7 18.Nxd6 cxd6 19.b4
axb4 20.axb4 Na4 21.Nxa4 Rxa4 22.f3 Nh5 23.Qb2 f5 24.exf5 Bxf5
25.Bb1 Rxa1 26.Qxa1 Bxb1 27.Qxb1 Kg7 28.Rc1 Nf6 29.Qd3 Ra8 30.Qb5
Qf7 31.Qxb6 Qxd5 32.Qc7+ Kg6 33.Qc2+ Kf7 34.Rd1 Ra1 35.Qc7+ Ke6
36.Qc8+ Ke7 37.Rxa1 Qd4+ 38.Kf1 Qxa1+ 39.Be1 Qd4 40.Qb7+ Ke6
41.Qc8+ Ke7 42.Qb7+ Nd7 43.b5 Qd3+ 44.Kf2 h5 45.Qe4 Nc5 46.Qe3
Qf5 47.Bd2 Kd7 48.Ke2 g4 49.Qa3 Qb1 50.Bb4 Qc2+ 51.Ke3 Qxg2 52.Bxc5
Qxf3+ 53.Kd2 Qd5+ 54.Ke2 Qc4+ 55.Kd2 Qxc5 56.Qa6 Kc7 57.Qa5+
Qb6 58.Qc3+ Kd7 0-1

[Event "Master Open"]
[Site "Voronezh"]
[Date "2017.06.13"]
[Round "2.45"]
[White "Pogosian, Georgy"]
[Black "Cherniaev, Alexander"]
[Result "0-1"]
[WhiteElo "2211"]
[BlackElo "2425"]
[Annotator ""]
[Source ""]
[Remark ""]

1.d4 g6 2.Nf3 Nf6 3.c4 d6 4.Nc3 Bf5 5.e3 Ne4 6.Nxe4 Bxe4 7.Ng5
Bc6 8.d5 Bd7 9.Qd4 f6 10.Bd3 Bg7 11.b3 c5 12.Qb2 O-O 13.Nf3 f5
14.Qb1 e5 15.e4 Na6 16.a3 Rb8 17.Qc2 b5 18.cxb5 Bxb5 19.O-O Bxd3
20.Qxd3 fxe4 21.Qxe4 Rxb3 22.Ng5 Nc7 23.Qc4 Rb6 24.Ne4 Qd7 25.Be3
h6 26.Rfd1 Nb5 27.a4 Nd4 28.f3 Kh7 29.a5 Rb4 30.Qa6 Nc2 31.Bf2
Nxa1 32.Rxa1 Rd8 33.Bh4 Rdb8 34.h3 Rd4 35.Bf2 Rxd5 36.h4 Qb7
37.Qc4 Qb3 38.Qc1 a6 39.h5 gxh5 40.Kh2 Rd3 41.Ng3 Qf7 42.Ne4
Qf4+ 0-1

[Event "Master Open"]
[Site "Voronezh"]
[Date "2017.06.13"]
[Round "2.46"]
[White "Gurvich, Vitaly"]
[Black "Shaydullina, Sandugach"]
[Result "0-1"]
[WhiteElo "2345"]
[BlackElo "2217"]
[Annotator ""]
[Source ""]
[Remark ""]

1.Nf3 f5 2.d4 Nf6 3.g3 e6 4.Bg2 d5 5.c4 c6 6.O-O Bd6 7.b3 Qe7
8.Bb2 O-O 9.Nbd2 b6 10.Rc1 Bb7 11.Ne5 a5 12.e3 c5 13.Qc2 Na6
14.Ndf3 Ne4 15.Qe2 Qe8 16.a3 Rd8 17.Rfd1 Nc7 18.Qc2 Qe7 19.Ra1
Rc8 20.Qe2 Qe8 21.Qe1 Ra8 22.Rac1 Qe7 23.a4 Na6 24.Nd3 Nb4 25.Nfe5
Nxd3 26.Nxd3 dxc4 27.bxc4 Bc6 28.dxc5 bxc5 29.Ra1 Qc7 30.Nf4
Rfe8 31.Bxe4 Bxe4 32.Qc3 e5 33.Nd5 Qf7 34.f4 Qh5 35.Rf1 Qh3 36.Rf2
Re6 37.Qe1 exf4 38.Nxf4 Bxf4 39.exf4 h5 40.Ra3 h4 41.Qf1 Qg4
42.h3 Qh5 43.Kh2 Rd8 44.g4 fxg4 45.hxg4 Qxg4 46.Qh3 Rd1 0-1

[Event "Master Open"]
[Site "Voronezh"]
[Date "2017.06.13"]
[Round "2.47"]
[White "Bykov, Egor"]
[Black "Ioffe, Ilya"]
[Result "1-0"]
[WhiteElo "2332"]
[BlackElo "2214"]
[Annotator ""]
[Source ""]
[Remark ""]

1.d4 d5 2.c4 c6 3.Nf3 Nf6 4.e3 Bf5 5.Nc3 e6 6.Nh4 Be4 7.f3 Bg6
8.Qb3 Qc7 9.Bd2 Be7 10.Nxg6 hxg6 11.O-O-O dxc4 12.Bxc4 b5 13.Be2
a6 14.Kb1 c5 15.dxc5 Nbd7 16.g4 Nxc5 17.Qc2 Rc8 18.g5 Nfd7 19.f4
Nb6 20.Ne4 Nd5 21.Rc1 O-O 22.h4 Qb7 23.Bf3 b4 24.Nxc5 Rxc5 25.Qe4
Rxc1+ 26.Bxc1 b3 27.h5 Rb8 28.a4 gxh5 29.g6 Bf6 30.gxf7+ Kxf7
31.f5 Nc3+ 32.bxc3 Qxe4+ 33.Bxe4 exf5 34.Bxf5 g6 35.Bd3 Bxc3
36.Bb2 Bxb2 37.Kxb2 a5 38.Bc4+ Kf6 39.Bxb3 Ke5 40.Kc3 Rh8 41.Rg1
Kf6 42.Kd4 h4 43.e4 h3 44.e5+ Ke7 45.Bd5 h2 46.Rb1 Rh4+ 47.Kc5
Rh5 48.Rb7+ Kf8 49.Kd6 h1Q 50.Bxh1 Rxh1 51.Ra7 g5 52.Ra8+ Kg7
53.Rxa5 g4 54.Rd5 Ra1 55.Rd4 g3 56.Ke7 Kg6 57.e6 Kf5 58.Rd5+
Kg6 59.Rd3 Rxa4 60.Rxg3+ Kf5 61.Kf7 Ra6 62.Rf3+ Ke5 63.e7 Ra7
64.Kf8 1-0

[Event "Master Open"]
[Site "Voronezh"]
[Date "2017.06.13"]
[Round "2.48"]
[White "Sadhwani, Raunak"]
[Black "Maltsevskaya, Aleksandra"]
[Result "1/2-1/2"]
[WhiteElo "2328"]
[BlackElo "2203"]
[Annotator ""]
[Source ""]
[Remark ""]

1.e4 c5 2.Nf3 e6 3.d4 cxd4 4.Nxd4 Nc6 5.Nc3 a6 6.Nxc6 bxc6 7.Bd3
d5 8.O-O Nf6 9.Qf3 Be7 10.Re1 O-O 11.Bg5 g6 12.Rad1 Bb7 13.Nb1
Nd7 14.Bxe7 Qxe7 15.Bf1 Nf6 16.Nd2 Rab8 17.c4 Rfd8 18.e5 Nd7
19.cxd5 cxd5 20.Nb3 Ba8 21.Bxa6 Nb6 22.Nd4 Qa7 23.Qa3 Nc4 24.Bxc4
Qxa3 25.bxa3 dxc4 26.Nc2 Rxd1 27.Rxd1 Rb2 28.Nb4 c3 29.Rc1 c2
30.Nxc2 Rxa2 31.h4 h5 32.f3 Bd5 33.Kh2 Bb7 34.Kg3 Ba6 35.Kf4
Bd3 36.Nd4 Rxa3 37.Kg5 Ra4 38.Rc8+ Kg7 39.Rd8 Bc4 40.Nc6 Ra2
41.g3 Ra4 1/2-1/2

[Event "Master Open"]
[Site "Voronezh"]
[Date "2017.06.13"]
[Round "2.49"]
[White "Kavyev, Ruslan"]
[Black "Nazaretyan, Tigran"]
[Result "0-1"]
[WhiteElo "2188"]
[BlackElo "2328"]
[Annotator ""]
[Source ""]
[Remark ""]

1.d4 Nf6 2.c4 e6 3.g3 c5 4.d5 exd5 5.cxd5 d6 6.Nc3 g6 7.Bg2 Bg7
8.Nf3 O-O 9.O-O Re8 10.a4 Ne4 11.Ra3 Nd7 12.Nxe4 Rxe4 13.Nd2
Rb4 14.b3 b5 15.Ne4 Qe7 16.Qc2 bxa4 17.Rxa4 Rxa4 18.bxa4 Rb8
19.Bg5 Qf8 20.Rb1 Rxb1+ 21.Qxb1 f5 22.Nd2 h6 23.Be3 Ba6 24.Kf1
Qf6 25.Qc1 Nb6 26.a5 Na4 27.Bf3 g5 28.g4 Nc3 29.Nb1 fxg4 30.Bxg4
Nxd5 31.Qd2 Qe5 32.Bf3 Nxe3+ 33.fxe3 Bc8 34.Kg1 Be6 35.Kg2 g4
36.Bc6 d5 37.Na3 a6 38.Qd3 c4 39.Qd2 Qd6 40.Bb7 Qxa3 41.Bxd5
Qd6 0-1

[Event "Master Open"]
[Site "Voronezh"]
[Date "2017.06.13"]
[Round "2.50"]
[White "Vinogradov, Anatoly"]
[Black "Mendonca, Leon Luke"]
[Result "1/2-1/2"]
[WhiteElo "2309"]
[BlackElo "2174"]
[Annotator ""]
[Source ""]
[Remark ""]

1.d4 Nf6 2.c4 e6 3.Nc3 Bb4 4.Qb3 c5 5.dxc5 Nc6 6.Nf3 Ne4 7.Bd2
Nxd2 8.Nxd2 O-O 9.e3 Bxc5 10.Be2 b6 11.O-O f5 12.Nf3 Bb7 13.Rad1
Rf7 14.Nb5 Qf6 15.Qc3 Qe7 16.Nbd4 f4 17.Nxc6 Bxc6 18.Ne5 Rf5
19.Nxc6 dxc6 20.e4 Rff8 21.e5 Rad8 22.Bf3 Rxd1 23.Rxd1 Rd8 24.Rd3
Rxd3 25.Qxd3 Qc7 26.Qe4 Qd7 27.Qxf4 Qd4 28.Qxd4 Bxd4 29.Bxc6
Bxb2 30.f4 Bc1 31.g3 g5 32.fxg5 Bxg5 33.Kf2 Bc1 34.Kf3 Bb2 35.Ke4
Kf7 36.Ba4 h6 37.Bd7 Ke7 38.Bc8 Kf7 39.Kf4 Bc3 40.a4 a5 1/2-1/2

[Event "Master Open"]
[Site "Voronezh"]
[Date "2017.06.13"]
[Round "2.51"]
[White "Michelle Catherina, P"]
[Black "Yashmetov, Mikhail"]
[Result "1/2-1/2"]
[WhiteElo "2157"]
[BlackElo "2308"]
[Annotator ""]
[Source ""]
[Remark ""]

1.e4 c5 2.Nf3 e6 3.d4 cxd4 4.Nxd4 a6 5.Be2 Nf6 6.Nc3 Bb4 7.Qd3
O-O 8.e5 Nd5 9.O-O d6 10.Nxd5 exd5 11.Bf4 dxe5 12.Bxe5 Bd6 13.Bxd6
Qxd6 14.Rad1 Nc6 15.Qg3 Qf6 16.c3 Ne5 17.Rfe1 Re8 18.Bf3 Qd6
19.Bxd5 Bg4 20.Bf3 Bxf3 21.Nxf3 Nxf3+ 22.Qxf3 Qd2 23.Rxe8+ Rxe8
24.h3 Qxb2 25.Rd7 Qxa2 26.Qe3 Qb1+ 27.Kh2 Rf8 28.Qe7 h6 29.Rxb7
Qf5 30.Qe3 Qd5 31.Ra7 Qb5 32.Qd4 Rc8 33.Qf4 Qc4 34.Qxc4 Rxc4
35.Rxa6 Rxc3 36.h4 Rc4 37.g3 h5 38.Kg2 g6 39.Ra8+ Kg7 40.Ra6
Rc5 1/2-1/2

[Event "Master Open"]
[Site "Voronezh"]
[Date "2017.06.13"]
[Round "2.52"]
[White "Tomilova, Elena"]
[Black "Pranav, V"]
[Result "1/2-1/2"]
[WhiteElo "2303"]
[BlackElo "2147"]
[Annotator ""]
[Source ""]
[Remark ""]

1.d4 Nf6 2.Bg5 d5 3.Bxf6 exf6 4.e3 Bd6 5.c4 c6 6.cxd5 cxd5 7.Nc3
Be6 8.g3 O-O 9.Bg2 Bb4 10.Nge2 Nd7 11.O-O Nb6 12.Qb3 Bxc3 13.Nxc3
Qd7 14.Qb5 Qd6 15.a4 Rfc8 16.a5 Nc4 17.Nxd5 Bd7 18.Qxb7 Rab8
19.Qxa7 Kf8 20.Nb6 Nxb6 21.axb6 Rxb6 22.Qa3 Ke7 23.Rfc1 Rcb8
24.Qd3 g6 25.Ra7 Kd8 26.Rcc7 Be8 27.Qc4 Rxb2 28.Bd5 Bb5 29.Qc5
Qxc5 30.dxc5 Rd2 31.Bxf7 Be2 32.Bd5 Rxd5 33.Rg7 Rb1+ 34.Kg2 Bf1+
35.Kf3 Rf5+ 36.Kg4 Be2+ 37.Kh3 Rh5+ 38.Kg2 Bf1+ 39.Kf3 Rf5+ 40.Kg4
Rg5+ 41.Kf3 Rf5+ 1/2-1/2

[Event "Master Open"]
[Site "Voronezh"]
[Date "2017.06.13"]
[Round "2.53"]
[White "Sakorenko, Adriana"]
[Black "Yeritsyan, Aram"]
[Result "0-1"]
[WhiteElo "2140"]
[BlackElo "2295"]
[Annotator ""]
[Source ""]
[Remark ""]

1.d4 Nf6 2.Bf4 e6 3.e3 c5 4.c3 cxd4 5.exd4 b6 6.Nf3 Be7 7.Bd3
O-O 8.O-O d6 9.Re1 Ba6 10.Bxa6 Nxa6 11.Nbd2 Nc7 12.h3 Qd7 13.Qe2
b5 14.Ne4 Nfd5 15.Bh2 Rfc8 16.Rec1 Nb6 17.Ne1 Ncd5 18.Nd3 a5
19.a3 Rab8 20.Nf4 Qc6 21.Nd2 h6 22.Nxd5 Qxd5 23.Qe4 Qxe4 24.Nxe4
Rc6 25.Kf1 Rbc8 26.Ke2 f5 27.Nd2 Bg5 28.f4 Bf6 29.Kd3 Rd8 30.Re1
Kf7 31.Re2 Rdc8 32.Rae1 Na4 33.Nb1 b4 34.axb4 axb4 35.Rc1 d5
36.Bg3 g5 37.Rec2 Rb6 38.b3 Nxc3 39.Nxc3 bxc3 40.fxg5 Bxg5 41.Rxc3
Bxc1 42.Rxc8 Rxb3+ 43.Rc3 Rxc3+ 44.Kxc3 f4 45.Bh4 Kg6 46.Be7
Kf5 47.Bf8 h5 48.Kd3 Bb2 49.Bd6 Bc1 50.Bf8 Be3 51.Bg7 Bg1 52.Be5
Bh2 53.Bd6 Kf6 54.Bc7 Bg3 55.Bd6 Kf5 56.Be7 Bf2 57.Bd6 Bh4 58.Bc7
Bf6 59.Bd6 Kg5 60.Bb4 Bg7 61.Bc3 Kf5 62.Bd2 Bf8 63.Be1 Be7 64.Bd2
Bd8 65.Be1 Bb6 66.Bd2 Bd8 67.Be1 Bc7 68.Bh4 Bb6 69.Be1 f3 70.g3
e5 71.Ke3 Bxd4+ 72.Kxf3 e4+ 73.Ke2 Bc5 74.Bd2 d4 75.Ba5 d3+ 76.Kd2
Bd6 77.g4+ hxg4 78.hxg4+ Kxg4 79.Kd1 e3 80.Be1 Bg3 81.Bd2 e2+ 0-1

[Event "Master Open"]
[Site "Voronezh"]
[Date "2017.06.13"]
[Round "2.54"]
[White "Shtyka, Sergey"]
[Black "Ustinov, Alexey"]
[Result "1-0"]
[WhiteElo "2281"]
[BlackElo "2138"]
[Annotator ""]
[Source ""]
[Remark ""]

1.e4 c5 2.Nf3 d6 3.d4 cxd4 4.Nxd4 Nf6 5.Nc3 a6 6.Bd3 e5 7.Nde2
Be6 8.O-O Nbd7 9.f4 Qc7 10.Ng3 b5 11.Kh1 Be7 12.a3 O-O 13.f5
Bc4 14.Bg5 Nb6 15.Bxf6 Bxf6 16.Nh5 Bg5 17.h4 Bh6 18.Bxc4 bxc4
19.a4 a5 20.Nb5 Qc6 21.Qxd6 Qxe4 22.Ra3 Be3 23.Rxe3 Qxe3 24.Rf3
Qc1+ 25.Kh2 Nc8 26.Nf6+ gxf6 27.Qxf6 Ne7 28.Qxe7 h6 29.Nd6 Kh8
30.Rg3 1-0

[Event "Master Open"]
[Site "Voronezh"]
[Date "2017.06.13"]
[Round "2.55"]
[White "Kharmunova, Nadezhda"]
[Black "Ageichenko, Genadi A"]
[Result "1-0"]
[WhiteElo "2137"]
[BlackElo "2279"]
[Annotator ""]
[Source ""]
[Remark ""]

1.e4 c5 2.Nf3 Nc6 3.d4 cxd4 4.Nxd4 Nf6 5.Nc3 e5 6.Ndb5 d6 7.Bg5
a6 8.Na3 b5 9.Nd5 Be7 10.Nxe7 Nxe7 11.Bd3 Bb7 12.Qe2 Ng6 13.g3
h6 14.Bxf6 Qa5+ 15.c3 gxf6 16.O-O h5 17.h4 Ke7 18.c4 b4 19.Nc2
Rag8 20.Kh2 Bc8 21.Qd2 Nxh4 22.gxh4 Rg4 23.Rg1 Rxh4+ 24.Kg2 Rg8+
25.Kf1 Rxg1+ 26.Kxg1 Qd8 27.f3 Rh3 28.Be2 Qg8+ 29.Kf2 a5 30.Rd1
Qg3+ 31.Ke3 Qg5+ 32.Kd3 Qg6 33.Qe3 f5 34.Rg1 fxe4+ 35.Kd2 Qf6
36.Qxe4 Rh4 37.Qe3 Rf4 38.Rg8 Bd7 39.Qb6 Qh6 40.Ke1 Rf6 41.Ne3
Rg6 42.Nf5+ 1-0

[Event "Master Open"]
[Site "Voronezh"]
[Date "2017.06.13"]
[Round "2.56"]
[White "Rjabzev, Konstantin"]
[Black "Kochukova, Anna"]
[Result "1-0"]
[WhiteElo "2278"]
[BlackElo "2123"]
[Annotator ""]
[Source ""]
[Remark ""]

1.Nf3 Nf6 2.g3 d5 3.Bg2 e6 4.O-O Be7 5.d3 O-O 6.Nbd2 b6 7.e4
dxe4 8.dxe4 Bb7 9.e5 Nfd7 10.h4 c5 11.Nc4 Qc7 12.Bf4 Nc6 13.Re1
Rad8 14.Qe2 Ba6 15.Qe4 Ndb8 16.Nd6 h6 17.Rad1 Nb4 18.a3 Nd5 19.Bxh6
gxh6 20.Rxd5 exd5 21.Qg4+ Kh7 22.Nf5 Rg8 23.Qh5 Rg6 24.e6 f6
25.Nh2 Bb7 26.Ng4 Rxg4 27.Nxh6 Kg7 28.Nf5+ 1-0

[Event "Master Open"]
[Site "Voronezh"]
[Date "2017.06.13"]
[Round "2.57"]
[White "Novikova, Galina"]
[Black "Grachev, Andrey"]
[Result "0-1"]
[WhiteElo "2122"]
[BlackElo "2268"]
[Annotator ""]
[Source ""]
[Remark ""]

1.e4 c6 2.d4 d5 3.exd5 cxd5 4.c4 Nf6 5.Nc3 Nc6 6.Bg5 dxc4 7.d5
Ne5 8.Qd4 h6 9.Qxe5 hxg5 10.Bxc4 a6 11.Nf3 g4 12.Ng5 Rh5 13.O-O-O
g6 14.h4 gxh3 15.f4 Ng4 16.Qe2 Qd6 17.g3 Bf5 18.Nce4 Qb6 19.d6
O-O-O 20.Nxf7 Qe3+ 21.Qxe3 Nxe3 22.Rd4 Rd7 23.Nc5 Bg7 24.Nxd7
Bxd4 25.Nde5 Bxe5 26.dxe7 Bd7 27.Be6 Kc7 28.Nxe5 Be8 29.g4 Rh8
30.Kd2 Ng2 31.f5 gxf5 32.gxf5 Kd6 33.Nf3 Kxe7 34.Rh2 Bc6 35.Ne5
Kf6 36.Ng4+ Kg5 37.Ne3 Kf4 38.Nf1 Bb5 39.Rh1 Rd8+ 40.Kc3 Bxf1
41.Rxf1+ Kg3 42.f6 h2 43.f7 Ne3 44.Re1 Kf2 45.Rh1 Kg2 46.Bd7
Rf8 0-1

[Event "Master Open"]
[Site "Voronezh"]
[Date "2017.06.13"]
[Round "2.58"]
[White "Gasanov, Zaur"]
[Black "Protopopova, Anastasiya"]
[Result "1/2-1/2"]
[WhiteElo "2264"]
[BlackElo "2123"]
[Annotator ""]
[Source ""]
[Remark ""]

1.d4 Nf6 2.c4 e6 3.g3 Bb4+ 4.Bd2 Be7 5.Bg2 d5 6.Nf3 O-O 7.O-O
c6 8.Qc2 Nbd7 9.Rc1 b6 10.a4 Ba6 11.cxd5 cxd5 12.Nc3 Rc8 13.Qb1
Bb4 14.Nb5 Bxd2 15.Rxc8 Qxc8 16.Nxd2 Qb8 17.e3 Rc8 18.Bf1 Bb7
19.Nc3 Ne8 20.Bd3 h6 21.a5 Nd6 22.Qa2 Bc6 23.Ba6 Rd8 24.axb6
axb6 25.Bd3 b5 26.Nb3 Qb6 27.Qa5 Nc4 28.Qa2 b4 29.Nb1 Ra8 30.Qxa8+
Bxa8 31.Rxa8+ Nf8 32.Nc5 Qc6 33.Ra6 Nb6 34.Nd2 g6 35.Ndb3 Qc7
36.Ra1 Nfd7 37.Rc1 Qa7 38.Ra1 Qc7 39.Rc1 Qd6 40.Bb5 Nf6 41.Nd3
Nc4 42.Bxc4 dxc4 43.Rxc4 Qa6 44.Ne5 Qa2 45.Rc8+ Kg7 46.Nc5 Qxb2
47.Rc7 b3 48.Rxf7+ Kg8 49.Nxe6 Qb1+ 50.Kg2 Qe4+ 51.Kg1 Qb1+ 1/2-1/2

[Event "Master Open"]
[Site "Voronezh"]
[Date "2017.06.13"]
[Round "2.59"]
[White "Schepetkova, Margarita"]
[Black "Volovich, Vasily"]
[Result "0-1"]
[WhiteElo "2252"]
[BlackElo "2062"]
[Annotator ""]
[Source ""]
[Remark ""]

1.d4 e6 2.c4 f5 3.Nc3 Nf6 4.e3 Bb4 5.Qc2 b6 6.Bd3 Bb7 7.f3 O-O
8.Nge2 c5 9.O-O Nc6 10.d5 Ne5 11.Rd1 Bxc3 12.Nxc3 Qe7 13.Bf1
exd5 14.cxd5 d6 15.a4 a6 16.Qxf5 Nxd5 17.Nxd5 Bxd5 18.Qc2 Qf7
19.Ra3 Qxf3 20.e4 Qxe4 21.Qxe4 Bxe4 22.Rxd6 Rxf1+ 23.Kxf1 Nc4
24.Re6 Bd5 25.Rae3 Bxe6 26.Rxe6 Kf7 27.Re4 b5 28.Rh4 h6 29.Rh5
Rc8 30.axb5 axb5 31.Ke2 Ke6 32.Kd3 Rd8+ 33.Kc2 Rd5 34.Rh3 Rf5
35.b3 Rf2+ 36.Kb1 Ne5 37.Rg3 Rf7 38.Bb2 Kd5 39.Bxe5 Kxe5 40.Rg6
Kd4 41.Rg3 Rf1+ 42.Kc2 Rf2+ 43.Kd1 g5 44.h3 Rb2 45.Ke1 Rc2 46.Kd1
Rc3 47.Rg4+ Kd5 48.b4 Rc4 0-1

[Event "Master Open"]
[Site "Voronezh"]
[Date "2017.06.13"]
[Round "2.60"]
[White "Zaika, Daniil"]
[Black "Sobina, Pavel"]
[Result "1/2-1/2"]
[WhiteElo "2093"]
[BlackElo "2250"]
[Annotator ""]
[Source ""]
[Remark ""]

1.d4 Nf6 2.c4 g6 3.Nc3 Bg7 4.e4 d6 5.Be2 O-O 6.Nf3 e5 7.Be3 Nc6
8.d5 Ne7 9.Nd2 Ne8 10.c5 f5 11.f3 Kh8 12.Nc4 Ng8 13.cxd6 cxd6
14.exf5 Bxf5 15.O-O g5 16.Qd2 h6 17.g4 Bh7 18.Bd3 Ngf6 19.Bxh7
Kxh7 20.Qd3+ Kh8 21.Ne2 b5 22.Na3 b4 23.Nc2 Qa5 24.a3 Qxd5 25.Nxb4
Qxd3 26.Nxd3 Nd5 27.Bd2 Nec7 28.Ng3 Ne6 29.Nf5 Nd4 30.Nxd4 exd4
31.Rac1 Ne3 32.Rf2 Rac8 33.Rxc8 Rxc8 34.Bb4 Be5 35.Re2 Kg7 36.Be1
Rf8 37.Nxe5 dxe5 38.Bg3 Kf6 39.Bf2 Nd5 40.Bg3 Ne3 41.Bf2 Nc4
42.Rc2 Rc8 43.b3 Nb6 44.Rxc8 Nxc8 45.Kf1 Ne7 46.Ke2 Ke6 47.h4
Kd5 48.hxg5 hxg5 49.Be1 e4 50.fxe4+ Kxe4 51.Bd2 Nc6 52.Bxg5 Ne5
53.b4 d3+ 54.Kd1 Nxg4 55.b5 Kd4 56.a4 Nf2+ 57.Ke1 Ne4 58.Bd2
Nd6 59.Bb4 Nc8 60.a5 Kc4 61.b6 axb6 62.axb6 Nxb6 63.Bd2 1/2-1/2

[Event "Master Open"]
[Site "Voronezh"]
[Date "2017.06.13"]
[Round "2.61"]
[White "Avalyan, Artur"]
[Black "Bezgodova, Svetlana"]
[Result "1-0"]
[WhiteElo "2249"]
[BlackElo "2038"]
[Annotator ""]
[Source ""]
[Remark ""]

1.d4 Nf6 2.c4 d6 3.Nc3 Nbd7 4.Nf3 c6 5.e4 e5 6.Be2 Be7 7.O-O
O-O 8.Qc2 Re8 9.Rd1 Bf8 10.h3 a6 11.Bg5 Qa5 12.Be3 b5 13.a3 Bb7
14.b4 Qd8 15.dxe5 dxe5 16.Qb3 h6 17.a4 a5 18.cxb5 axb4 19.bxc6
Bxc6 20.Nd5 Qa5 21.Nxf6+ Nxf6 22.Bc4 Re7 23.Rd6 Bxa4 24.Qd3 Rb7
25.Rd5 Nxd5 26.Bxd5 Rd8 27.Nxe5 Rxd5 28.exd5 b3 29.Nc4 Qb5 30.Qd4
Qe8 31.Nb6 Bd7 32.Rb1 Bf5 33.Rxb3 Bd6 34.Bf4 Qe1+ 35.Kh2 Be7
36.d6 Bf6 37.Qc5 Be6 38.Rb4 g5 39.Bg3 Kg7 40.f4 Qe2 41.f5 Ba2
42.Qc6 Ra7 43.d7 Qd2 44.Re4 Bb1 45.Re8 Bxf5 46.Nd5 Qxd5 47.Qxd5
Bxd7 48.Ra8 Be6 49.Qf3 Rd7 50.Ra5 Bd8 51.Rb5 f6 52.Rb7 Rxb7 53.Qxb7+
Bf7 1-0

[Event "Master Open"]
[Site "Voronezh"]
[Date "2017.06.13"]
[Round "2.63"]
[White "Cherednichenko, Dmitrij"]
[Black "Harshini, A"]
[Result "0-1"]
[WhiteElo "2242"]
[BlackElo "2000"]
[Annotator ""]
[Source ""]
[Remark ""]

1.e4 e5 2.Nf3 Nc6 3.Bb5 a6 4.Ba4 Nge7 5.O-O g6 6.c3 Bg7 7.d4
b5 8.Bc2 d6 9.h3 O-O 10.d5 Na5 11.a4 Bd7 12.Nbd2 f5 13.b4 Nb7
14.Qe2 fxe4 15.Bxe4 bxa4 16.c4 a5 17.c5 axb4 18.c6 Nc5 19.cxd7
Qxd7 20.Rb1 Rfb8 21.Ng5 Nxe4 22.Qxe4 Qf5 23.Qh4 h6 24.Ne6 Nxd5
25.Nxg7 Kxg7 26.Qc4 Qf7 27.Ne4 a3 28.g3 g5 29.Bxg5 hxg5 30.Nxg5
Qg6 31.h4 a2 32.Rbd1 b3 33.Rxd5 b2 34.Qxc7+ Kg8 35.Rxd6 b1Q 36.Rxg6+
Qxg6 37.Qxe5 a1Q 38.Rxa1 Rxa1+ 39.Kh2 Rab1 40.Qd5+ Kh8 41.Qe5+
Qg7 42.Qe6 Rf8 43.f4 Rb5 44.Kh3 Qf6 45.Qxf6+ Rxf6 46.h5 Kg7 47.Kh4
Kh6 0-1

[Event "Master Open"]
[Site "Voronezh"]
[Date "2017.06.13"]
[Round "2.64"]
[White "Pogorelskikh, Sofia"]
[Black "Iliushkin, Evgeny"]
[Result "0-1"]
[WhiteElo "2050"]
[BlackElo "2241"]
[Annotator ""]
[Source ""]
[Remark ""]

1.e4 c5 2.Nf3 e6 3.d4 cxd4 4.Nxd4 a6 5.Bd3 d6 6.O-O Nf6 7.c4
Be7 8.Nc3 O-O 9.Be3 Nc6 10.b3 Ne5 11.Be2 Ng6 12.f3 d5 13.Qc2
e5 14.Nf5 d4 15.Rfd1 Qc7 16.Nxd4 exd4 17.Bxd4 Bc5 18.Kh1 Bxd4
19.Rxd4 Be6 20.Rad1 Rac8 21.b4 Rfd8 22.Nd5 Bxd5 23.exd5 Qe5 24.Qd2
Re8 25.Bf1 b6 26.Qc2 Qd6 27.Qa4 Ra8 28.Qc2 Qxb4 29.c5 Qxc5 30.Rc4
Qd6 31.Rc6 Qd8 32.d6 b5 33.Rc7 Ne5 34.f4 Ned7 35.Rc1 Nd5 36.Rb7
N7b6 37.Qf5 Qf6 38.Bd3 Qxf5 39.Bxf5 g6 0-1